00576 a2200217 4500260001000000630002500010037001300035650002800048100001900076260003200095245005500127300001100182650004900193650004900242260000900291300000900300100000700309037001200316037001200328020001800340 aParis a657 - Comptabilité b2, Achat a6 - SCIENCES APPLIQUEES aGuedj, Norbert bLes Editions d'Organisation aDe l'analyse comptable à la gestion financière a240 p. aComptabilité : analyse//Gestion : finances aGestion : finances//Comptabilité : analyse c1986 b24cm lFr aDe 6393 aDe 6392 a2-7081-0689-9